Регионална библиотека "Любен Каравелов" - Русе

Колекционерът (Запис номер 157360)

MARC детайли
000 -Лидер
Контролно поле с фиксирана дължина 01492nam a2200361 c 4500
003 - Код на организацията, давaща контролен номер
Контролно поле BLK
005 - Дата и час на последна редакция
Контролно поле 20250405101934.0
008 - Елементи от данни с фиксирана дължина
fixed length control field 180410b bul|||||r ||||||| ||bul||
010 ## - Наследен системен номер
LC control number KNG00164304000
020 ## - Международен стандартен номер на книга ISBN
Международен стандартен номер на книга ISBN 978-954-655-506-9
-- издат.: Бард
040 ## - Източник на каталожния запис
Идентификатор на билиотеката - собственик на записа BLK
041 ## - Код за език
Код за езика на текст/звукозапис или на отделно заглавие Български
Код за езика КДБФ Български
072 #7 - Код за тематичната категория
Код организация bullib
Код за тематична категория Н83
Текст Чужда художествена литература Н
080 ## - УДК
Текстов определител УДК Американска литература (на САЩ)
УДК код - определител по УДК 821.111(73)
УДК определител -31
УДК - код + определител 821.111(73)-31
100 ## - Редна дума - Автор
Автор Робъртс, Нора
Дати, свързани с автора 1950 -
Пълна форма на името Робертсън, Елеонора Мари
Автор - информация (биография) Дж. Д. Роб, Джил Марч, Сара Хардести
R(LIN) 242848
139 ## - Редно поле
Редна дума Робъртс, Нора
Авторски знак Робо - Р 70
245 10 - Сведения за заглавието
Заглавие Колекционерът
Подзаглавни данни Роман
Редно поле (дума) Нора Робъртс; прев. Диана Янакиева Кутева; прев. Стамен Стойчев.
257 ## - Страна на издаване
Страна на създаване/издаване Съединени американски щати
260 ## - Област на издателските данни
-- София
Име на издателя, разпространителя и проч. Бард
Година на издаване 2014
300 ## - Физическа характеристика
Страници 560 с.
Размери/Мащаб 20 см
380 ## - Жанр
Жанр Худож. лит.
500 ## - Общи забележки
Забележка Ориг. загл. The Collector / Nora Roberts.
653 ## - Ключова дума – ненормативна
Ключова дума романи
659 ## - Тематичен бюлетин
Тематичен бюлетин Н
700 1# - Други автори (авторска отговорност)
Лично име Кутева, Диана Янакиева
Дати, свързани с автора 1955 -
9 (RLIN) 85939
700 1# - Други автори (авторска отговорност)
Лично име Стойчев, Стамен
Автороска отговорност (Описва отношението между автора и произведението) прев.
9 (RLIN) 364220
852 ## - Местоположение
Форматна сигнатура Цб 270416
856 4# - Електронен адрес и достъп
Електронен формат pdf - файл
Път до файла /url/
856 4# - Електронен адрес и достъп
Електронен формат pdf - файл
Път до файла /url/
942 ## - АРТИКУЛИ
Вид на библиотечния материал Книги
Скрит в OPAC Не
Koha issues (borrowed), all copies 133
944 ## - СЪЗДАВАНЕ И РЕДАКЦИЯ на ЗАПИСА
Създаване/Редакция Създаване
Дата на регистрацията/редакция 26.08.2014
Статус, дата на статуса Нора Радева
Служител, извършил регистрацията/редакцията 30545
944 ## - СЪЗДАВАНЕ И РЕДАКЦИЯ на ЗАПИСА
Създаване/Редакция Редакция
Дата на регистрацията/редакция 22.08.2015
Статус, дата на статуса ф /
Служител, извършил регистрацията/редакцията Пенка_Димитрова
999 ## - СИСТЕМНИ КОНТРОЛНИ НОМЕРА
Koha biblionumber 157360
Koha biblioitemnumber 157360
Наличности
Код за отписване Код за изгубен артикул Код за повреда Коз за рестрикции Код за отдаване Артикулен № Име на библиотеката - собственик Име на библиотеката, в която се намира в момента Статус (Текущо местоположение) Дата на вписване в системата Местоположение - отдел Цена в лева Инвентарен номер Систематично азбучна сигнатура Баркод Номер на екземпляра Цена в евро Служебна бележка Служебен тип на артикула Източник на класификационната схема
Изтеглен Не е изгубен Не е повреден без рестрикции заемане за дома 263622 Регионална библиотека "Любен Каравелов" Русе Регионална библиотека "Любен Каравелов" Русе Заемна - подръчен фонд 2014-08-25 Заемна - подръчен фонд 11.69 120000779908 П 820(73)-31/Р 70 120000779908 1 5.98 Дост: Pk Вид: Ф N: 365 Дата: 15.08.2014 Дата инв: 26.02.2018 Бележки инв: П2018 Книги  
  Не е изгубен Не е повреден без рестрикции заемане за дома 263623 Регионална библиотека "Любен Каравелов" Русе Регионална библиотека "Любен Каравелов" Русе Заемна - подръчен фонд 2014-08-25 Заемна - подръчен фонд 11.69 120000779909 П 820(73)-31/Р 70 120000779909 2 5.98 Дост: Pk Вид: Ф N: 365 Дата: 15.08.2014 Дата инв: 13.02.2018 Бележки инв: П2018 Книги Universal Decimal Classification
  Не е изгубен Не е повреден без рестрикции заемане за дома 263624 Регионална библиотека "Любен Каравелов" Русе Регионална библиотека "Любен Каравелов" Русе Заемна - подръчен фонд 2014-12-18 Заемна - подръчен фонд 14.99 120000783925 П 820(73)-31/Р 70 120000783925 3 7.66 Дост: DA Вид: Г N: 31 Дата: 18.12.2014 Дата инв: 13.02.2018 Бележки инв: П2018 Книги Universal Decimal Classification
Изтеглен Не е изгубен Не е повреден без рестрикции заемане за дома 263625 Регионална библиотека "Любен Каравелов" Русе Регионална библиотека "Любен Каравелов" Русе Заемна - подръчен фонд 2015-01-15 Заемна - подръчен фонд 14.99 120000784166 П 820(73)-31/Р 70 120000784166 4 7.66 Дост: DA Вид: А N: 1 Дата: 09.01.2015 Дата инв: 13.02.2018 Бележки инв: П2018 Книги Universal Decimal Classification
  Не е изгубен Не е повреден без рестрикции ползва се в читалня 263626 Регионална библиотека "Любен Каравелов" Русе Регионална библиотека "Любен Каравелов" Русе Хранилище 2015-08-22 Хранилище 14.99 120000791257 Цб 270416 120000791257 5 7.66 Дост: Dp Вид: Д N: 18 Дата: 16.04.2015 Книги  
Vip Innovations Ltd, Rousse, Bulgaria 2025